000 01298nam a2200289Ia 4500
999 _c38572
_d38572
001 4689
003 GE_BSU
005 20190712154742.0
008 181216s2009||||ge |||||||||||||| ||geo||
020 _a9789941018374
040 _cGE_BSU
041 _ageo
080 _a336.14(075.8) კ-17
100 _aკაკულია, რევაზ
_9751
245 _aსაჯარო ფინანსები :
_bსახელმძღვ. /
_cრევაზ კაკულია, ლელა ბახტაძე, ამირან ჯიბუტი ; რედ. ელგუჯა მექვაბიშვილი
264 _aთბილისი :
_bდარგები ;
_c2009.
300 _a416 გვ. ;
_c 20 სმ.
504 _aბიბლიოგრ. : გვ. 412-413
541 _h30 ლ. 80 თ.
653 _aსაჯარო ფინანსები
700 _aკაკულია, რევაზ
_eავტორი
_9751
700 _aბახტაძე, ლელა
_eავტორი
_9726
700 _aჯიბუტი, ამირან
_eავტორი
_9911
700 _aმექვაბიშვილი, ელგუჯა
_eრედაქტორი
_93222
710 _aთსუ
_93223
942 _cBK
_2udc